| 000 | 00577nam a22001817a 4500 | ||
|---|---|---|---|
| 005 | 20170921160203.0 | ||
| 010 | _aENG-120723 | ||
| 020 |
_c199.00 _a9789351951131 |
||
| 035 | _aEN-104255 | ||
| 037 | _bDBAD/PUB | ||
| 082 | _aS | ||
| 100 | _aThangappa,M.L | ||
| 245 |
_aThe prince who became a monk : _cby M.L.Thangappa _band other stories from tamil literature / |
||
| 260 |
_aGurgaon _bHachette Book Publishing India _c2016 |
||
| 270 |
_bGurgaon _a4th & 5th floors,corporates centre plot No-94,sector 44 _e122003 |
||
| 300 |
_a116p. _c21cm(pbk) |
||
| 942 |
_cEN _hS _mTHA _2ddc |
||
| 999 |
_c145232 _d145232 |
||